[Event "Oberfranken-ch"]
[Site "Kronach"]
[Date "2023.11.04"]
[Round "6"]
[White "Heimerl, Detlev"]
[Black "Moenius, Oliver"]
[Result "1-0"]
[WhiteElo "1870"]
[BlackElo "1841"]
[PlyCount "83"]
[EventDate "2023.11.02"]
[EventType "swiss"]
[EventRounds "7"]
[EventCountry "GER"]
[SourceTitle "CBM 217 Extra"]
[Source "ChessBase"]
[SourceDate "2024.01.31"]
[SourceVersion "1"]
[SourceVersionDate "2024.01.31"]
[SourceQuality "1"]

1. Nf3 d5 2. c4 Nf6 3. g3 g6 4. Bg2 Bg7 5. 0-0 0-0 6. d3 dxc4 7. dxc4 Qxd1 8. Rxd1 Nc6 9. Nc3 Be6 10. Nd5 Rfd8 11. Ng5 Bxd5 12. cxd5 Nb4 13. e4 h6 14. Nh3 Nc2 15. Rb1 c5 16. Bd2 Rac8 17. Rbc1 Nd4 18. Re1 e5 19. f3 Ne8 20. Nf2 b6 21. Nd3 Nd6 22. Bc3 N6b5 23. a4 Nd6 24. Bxd4 exd4 25. b3 a5 26. f4 Re8 27. e5 Nf5 28. d6 Rcd8 29. Bc6 Rf8 30. Nb2 Ne3 31. Nc4 Nxc4 32. bxc4 Rb8 33. Kf2 Rfd8 34. Ke2 Kf8 35. Kd3 Rbc8 36. Bb5 g5 37. Rc2 Bh8 38. Rf2 Bg7 39. Ke4 f6 40. Kd5 fxe5 41. fxe5+ Kg8 42. e6 1-0

[Event "Oberfranken-ch"]
[Site "Kronach"]
[Date "2023.11.02"]
[Round "1"]
[White "Moenius, Oliver"]
[Black "Kowalczyk, Pawel"]
[Result "0-1"]
[WhiteElo "1841"]
[BlackElo "2360"]
[PlyCount "52"]
[EventDate "2023.11.02"]
[EventType "swiss"]
[EventRounds "7"]
[EventCountry "GER"]
[SourceTitle "CBM 217 Extra"]
[Source "ChessBase"]
[SourceDate "2024.01.31"]
[SourceVersion "1"]
[SourceVersionDate "2024.01.31"]
[SourceQuality "1"]

1. e4 d5 2. exd5 Nf6 3. Nc3 Nxd5 4. Nxd5 Qxd5 5. d4 Nc6 6. Nf3 Bg4 7. Be2 0-0-0 8. c3 e5 9. Be3 exd4 10. Nxd4 Bxe2 11. Qxe2 Nxd4 12. Bxd4 c5 13. 0-0-0 cxd4 14. Rxd4 Qe6 15. Rxd8+ Kxd8 16. Rd1+ Kc7 17. Qb5 Bd6 18. Kb1 a6 19. Qa5+ Kb8 20. Qb6 Qe4+ 21. Ka1 Bc7 22. Qb3 Rd8 23. f3 Qe2 24. Rxd8+ Bxd8 25. a3 Qe1+ 26. Ka2 Qe6 0-1

[Event "Oberfranken-ch"]
[Site "Kronach"]
[Date "2023.02.25"]
[Round "5"]
[White "Moenius, Oliver"]
[Black "Geisensetter, Franz"]
[Result "1/2-1/2"]
[WhiteElo "1828"]
[BlackElo "1972"]
[PlyCount "73"]
[EventDate "2023.02.23"]
[EventType "swiss"]
[EventRounds "7"]
[EventCountry "GER"]
[SourceTitle "CBM 213 Extra"]
[Source "ChessBase"]
[SourceDate "2023.05.31"]
[SourceVersion "1"]
[SourceVersionDate "2023.05.31"]
[SourceQuality "1"]

1. e4 e5 2. Bc4 Nc6 3. d3 Bc5 4. Nf3 Nf6 5. 0-0 0-0 6. c3 Be7 7. Re1 d6 8. Nbd2 Na5 9. Bb5 Bd7 10. Bxd7 Qxd7 11. b4 Nc6 12. Nb3 Rfe8 13. Qc2 Bf8 14. Bg5 Nh5 15. Rad1 f6 16. Bc1 f5 17. d4 fxe4 18. Qxe4 Nf6 19. Qc2 e4 20. Ng5 d5 21. Nc5 Bxc5 22. bxc5 Na5 23. Nh3 b6 24. cxb6 axb6 25. Bg5 Qf7 26. Re2 Nc4 27. Rde1 Rf8 28. Qc1 c6 29. Qf4 Qg6 30. Qh4 h6 31. Bxf6 Qxf6 32. Qg4 Rf7 33. Qg3 b5 34. Rc2 Ra3 35. Kh1 Qf5 36. Ree2 b4 37. Qb8+ 1/2-1/2

[Event "Oberfranken-ch"]
[Site "Kronach"]
[Date "2023.02.25"]
[Round "6"]
[White "Riemer, Ralf"]
[Black "Moenius, Oliver"]
[Result "1-0"]
[WhiteElo "2089"]
[BlackElo "1828"]
[PlyCount "87"]
[EventDate "2023.02.23"]
[EventType "swiss"]
[EventRounds "7"]
[EventCountry "GER"]
[SourceTitle "CBM 213 Extra"]
[Source "ChessBase"]
[SourceDate "2023.05.31"]
[SourceVersion "1"]
[SourceVersionDate "2023.05.31"]
[SourceQuality "1"]

1. Nf3 d5 2. e3 Nf6 3. c4 c6 4. b3 Bg4 5. Bb2 e6 6. Be2 Bd6 7. h3 Bxf3 8. Bxf3 Nbd7 9. Nc3 dxc4 10. bxc4 Ne5 11. Be2 Ng6 12. d4 0-0 13. h4 Bb4 14. h5 Ne7 15. Qb3 Ba5 16. 0-0 Bc7 17. Rfd1 Nf5 18. Ba3 Re8 19. Qxb7 Qd7 20. Qb2 Bb8 21. d5 exd5 22. cxd5 c5 23. Bb5 Qd6 24. Bxe8 Qh2+ 25. Kf1 Be5 26. Bxf7+ Kh8 27. d6 Qh1+ 28. Ke2 Qxg2 29. Rg1 Ng3+ 30. Kd3 Qc6 31. fxg3 Qxd6+ 32. Kc2 Rb8 33. Bb3 Qa6 34. Bxc5 Rc8 35. Rad1 Ng4 36. Qa3 Qxa3 37. Bxa3 Nxe3+ 38. Kd2 Rd8+ 39. Ke1 Nxd1 40. Bxd1 Bxc3+ 41. Kf2 Rd2+ 42. Be2 Rxa2 43. Rd1 g6 44. h6 1-0

[Event "Oberfranken-ch"]
[Site "Schney"]
[Date "2020.01.05"]
[Round "6"]
[White "Schwarzmann, Tobias"]
[Black "Moenius, Oliver"]
[Result "1/2-1/2"]
[WhiteElo "1949"]
[BlackElo "1818"]
[PlyCount "42"]
[EventDate "2020.01.03"]
[EventType "swiss"]
[EventRounds "7"]
[EventCountry "GER"]
[SourceTitle "CBM 194 Extra"]
[Source "ChessBase"]
[SourceDate "2020.03.31"]
[SourceVersion "1"]
[SourceVersionDate "2020.03.31"]
[SourceQuality "1"]

1. e4 c6 2. d4 d5 3. exd5 cxd5 4. Bd3 Nf6 5. c3 Nc6 6. Bf4 Bg4 7. f3 Bh5 8. Nh3 e6 9. 0-0 Bg6 10. Re1 Be7 11. Bg5 Qb6 12. b3 Bxd3 13. Qxd3 0-0 14. Kh1 Rac8 15. Nd2 a5 16. Bh4 Rfd8 17. g4 Qc7 18. Bg3 Bd6 19. Kg2 e5 20. dxe5 Nxe5 21. Qd4 Ng6 1/2-1/2

[Event "Oberfranken-ch"]
[Site "Schney"]
[Date "2020.01.03"]
[Round "1"]
[White "Moenius, Oliver"]
[Black "Baser, Stefan"]
[Result "1-0"]
[WhiteElo "1818"]
[BlackElo "977"]
[PlyCount "43"]
[EventDate "2020.01.03"]
[EventType "swiss"]
[EventRounds "7"]
[EventCountry "GER"]
[SourceTitle "CBM 194 Extra"]
[Source "ChessBase"]
[SourceDate "2020.03.31"]
[SourceVersion "1"]
[SourceVersionDate "2020.03.31"]
[SourceQuality "1"]

1. e4 e5 2. f4 exf4 3. Nf3 Nf6 4. Nc3 Nc6 5. d4 d6 6. Bb5 Bd7 7. 0-0 Be7 8. Bxf4 0-0 9. Re1 a6 10. Bxc6 Bxc6 11. Qd3 Re8 12. Rad1 Qd7 13. e5 Nh5 14. Bc1 Rf8 15. Ne4 d5 16. Neg5 g6 17. Qe3 Ng7 18. Qf2 Rae8 19. Qh4 Nh5 20. g4 Bxg5 21. Bxg5 Re6 22. gxh5 1-0

[Event "Regionalliga Nord-West 1819"]
[Site "Bayern"]
[Date "2019.02.24"]
[Round "7.8"]
[White "Deml, Tilo"]
[Black "Moenius, Oliver"]
[Result "1/2-1/2"]
[WhiteElo "1877"]
[BlackElo "1831"]
[PlyCount "138"]
[EventDate "2018.10.21"]
[EventType "team-tourn"]
[EventRounds "9"]
[EventCountry "GER"]
[SourceTitle "EXT 2022"]
[Source "ChessBase"]
[SourceDate "2021.10.06"]
[SourceVersion "1"]
[SourceVersionDate "2021.10.06"]
[SourceQuality "1"]
[WhiteTeam "Marktleuthen"]
[BlackTeam "Hoechstadt/Aisch"]
[WhiteTeamCountry "GER"]
[BlackTeamCountry "GER"]

1. c4 Nf6 2. g3 g6 3. Bg2 Bg7 4. Nc3 c5 5. e4 Nc6 6. Nge2 d6 7. d3 0-0 8. 0-0 a6 9. h3 Rb8 10. a4 Bd7 11. f4 Qc8 12. g4 e6 13. Ng3 Nd4 14. Be3 b5 15. axb5 axb5 16. Nce2 Ne8 17. Bxd4 cxd4 18. b3 e5 19. f5 Qd8 20. Ra7 Bc8 21. Qd2 bxc4 22. bxc4 Bf6 23. Bf3 Bg5 24. Qa2 Nf6 25. Rb1 Rxb1+ 26. Qxb1 Nd7 27. Kg2 Nc5 28. Ng1 Be3 29. Nf1 Bf4 30. Be2 Bd7 31. Nf3 gxf5 32. exf5 Bc6 33. Kf2 Bxf3 34. Bxf3 Qh4+ 35. Kg2 h5 36. Ra3 hxg4 37. hxg4 Kg7 38. Qc2 Rh8 39. Kg1 Be3+ 40. Nxe3 dxe3 41. Qe2 Qg3+ 42. Qg2 Qe1+ 43. Qf1 Qg3+ 44. Qg2 Qe1+ 45. Qf1 Qd2 46. f6+ Kxf6 47. Bd5+ Qf2+ 48. Qxf2+ exf2+ 49. Kxf2 Rh3 50. Bf3 Rh2+ 51. Ke3 Rh3 52. Kf2 Kg5 53. Kg2 Rh8 54. Kg3 Rb8 55. Bd5 f6 56. Ra7 Rb3 57. Rg7+ Kh6 58. Rg8 Rxd3+ 59. Kh4 Rd4 60. Rh8+ Kg7 61. Rg8+ Kh7 62. Rf8 Kg7 63. Rg8+ Kh7 64. Rf8 Rf4 65. Kh5 Ne4 66. Rf7+ Kh8 67. Rf8+ Kg7 68. Rf7+ Kh8 69. Rf8+ Kg7 1/2-1/2

[Event "Oberfranken-ch"]
[Site "Schney"]
[Date "2019.01.03"]
[Round "2"]
[White "Moenius, Oliver"]
[Black "Luthardt, Axel"]
[Result "1/2-1/2"]
[WhiteElo "1814"]
[BlackElo "1528"]
[PlyCount "116"]
[EventDate "2019.01.03"]
[EventType "swiss"]
[EventRounds "7"]
[EventCountry "GER"]
[SourceTitle "CBM 188 Extra"]
[Source "ChessBase"]
[SourceDate "2019.02.28"]
[SourceVersion "1"]
[SourceVersionDate "2019.02.28"]
[SourceQuality "1"]

1. e4 d6 2. d4 Nf6 3. Nc3 g6 4. f3 Bg7 5. Be3 0-0 6. Qd2 e5 7. 0-0-0 exd4 8. Bxd4 Nc6 9. Be3 Be6 10. g4 h5 11. gxh5 Nxh5 12. Be2 f5 13. exf5 Bxf5 14. Bc4+ Kh7 15. Ne4 Bxe4 16. fxe4 Ne5 17. Be2 Nf6 18. Bd3 Qd7 19. Kb1 b5 20. h4 Nh5 21. Nh3 Nf3 22. Ng5+ Kg8 23. Nxf3 Rxf3 24. Be2 Rf7 25. Bxh5 gxh5 26. Qd5 Qe8 27. Rhg1 Kf8 28. Rxg7 Kxg7 29. Qg5+ Kf8 30. Rg1 a6 31. Bd4 Qxe4 32. Qg8+ Ke7 33. Qg5+ Kd7 34. Bc3 Qf5 35. Qg2 Raf8 36. a4 c6 37. Rd1 Qf3 38. Qd2 Qf4 39. Qd3 Re8 40. Qg6 Re6 41. Qg8 Rf8 42. Qg7+ Qf7 43. Qg1 c5 44. Qg2 Kc7 45. Ba5+ Kb8 46. Qd5 Qf3 47. Qd2 Rfe8 48. axb5 axb5 49. b3 b4 50. Kb2 Qa8 51. Ra1 Qe4 52. Ka2 Qxh4 53. Qd3 Qe4 54. Qb5+ Qb7 55. Qd3 h4 56. Kb2 h3 57. Qxh3 Re2 58. Qd3 R8e6 1/2-1/2

[Event "Regionalliga Nord-West 1819"]
[Site "Bayern"]
[Date "2018.11.25"]
[Round "3.8"]
[White "Moenius, Oliver"]
[Black "Mager, Kilian"]
[Result "1-0"]
[WhiteElo "1831"]
[BlackElo "1587"]
[PlyCount "63"]
[EventDate "2018.10.21"]
[EventType "team-tourn"]
[EventRounds "9"]
[EventCountry "GER"]
[SourceTitle "EXT 2022"]
[Source "ChessBase"]
[SourceDate "2021.10.06"]
[SourceVersion "1"]
[SourceVersionDate "2021.10.06"]
[SourceQuality "1"]
[WhiteTeam "Hoechstadt/Aisch"]
[BlackTeam "Seubelsdorf"]
[WhiteTeamCountry "GER"]
[BlackTeamCountry "GER"]

1. e4 e6 2. d4 d5 3. Nd2 Nf6 4. e5 Nfd7 5. Bd3 c5 6. c3 Nc6 7. Ne2 cxd4 8. cxd4 f6 9. exf6 Nxf6 10. 0-0 Bd6 11. Nf3 Bd7 12. Bf4 Qe7 13. Re1 0-0-0 14. Bxd6 Qxd6 15. Rc1 Kb8 16. Nc3 Qe7 17. a3 g5 18. Bb5 Rhg8 19. Bxc6 Bxc6 20. Qe2 Rde8 21. Ne5 Bd7 22. Nxd7+ Nxd7 23. Nxd5 Qd6 24. Nb4 Qxd4 25. Red1 Qg7 26. Qd2 Nb6 27. Qd6+ Ka8 28. Rc7 Qxb2 29. Na6 Rgf8 30. Rf7 Rh8 31. Qb8+ Rxb8 32. Nc7# 1-0

[Event "Regionalliga Nord-West 1819"]
[Site "Bayern"]
[Date "2018.11.11"]
[Round "2.7"]
[White "Moenius, Oliver"]
[Black "Elbert, Thomas"]
[Result "1-0"]
[WhiteElo "1831"]
[BlackElo "1742"]
[PlyCount "43"]
[EventDate "2018.10.21"]
[EventType "team-tourn"]
[EventRounds "9"]
[EventCountry "GER"]
[SourceTitle "EXT 2022"]
[Source "ChessBase"]
[SourceDate "2021.10.06"]
[SourceVersion "1"]
[SourceVersionDate "2021.10.06"]
[SourceQuality "1"]
[WhiteTeam "Hoechstadt/Aisch"]
[BlackTeam "Sailauf"]
[WhiteTeamCountry "GER"]
[BlackTeamCountry "GER"]

1. e4 Nf6 2. e5 Nd5 3. d4 d6 4. exd6 exd6 5. Bd3 Be7 6. c4 Nb6 7. Ne2 Bg4 8. Nbc3 Nc6 9. Be3 Bf6 10. Qd2 0-0 11. 0-0 Re8 12. f3 Bd7 13. Ne4 Be7 14. Nf4 Bf8 15. Rfe1 g6 16. Nd5 Bg7 17. Bg5 Bxd4+ 18. Kh1 Qc8 19. Ndf6+ Kh8 20. Nxe8 Bxe8 21. Bf6+ Bxf6 22. Nxf6 1-0

[Event "Regionalliga Nord-West 1718"]
[Site "Bayern"]
[Date "2018.01.21"]
[Round "5.7"]
[White "Moenius, Oliver"]
[Black "Hanft, Michael"]
[Result "1/2-1/2"]
[WhiteElo "1743"]
[BlackElo "1989"]
[PlyCount "111"]
[EventDate "2017.10.22"]
[EventType "team-tourn"]
[EventRounds "9"]
[EventCountry "GER"]
[SourceTitle "EXT 2022"]
[Source "ChessBase"]
[SourceDate "2021.10.06"]
[SourceVersion "1"]
[SourceVersionDate "2021.10.06"]
[SourceQuality "1"]
[WhiteTeam "Hoechstadt/Aisch"]
[BlackTeam "Kitzingen SC"]
[WhiteTeamCountry "GER"]
[BlackTeamCountry "GER"]

1. e4 c5 2. c3 e6 3. d4 d5 4. exd5 exd5 5. Bd3 Nc6 6. Ne2 Bd6 7. 0-0 Nge7 8. dxc5 Bxc5 9. Bf4 0-0 10. Nd2 Bg4 11. Qc2 h6 12. Nb3 Bb6 13. h3 Bh5 14. Rad1 Rc8 15. Qd2 Na5 16. Nxa5 Bxa5 17. Qe3 Bb6 18. Qg3 Kh8 19. Bxh6 gxh6 20. Qe5+ Kg8 21. Qxh5 Qd6 22. Ng3 Qxg3 23. Qxh6 Qg7 24. Qh4 Bc5 25. Bc2 Rc6 26. g4 Rh6 27. Qg3 Qg5 28. Kg2 Ng6 29. f4 Nh4+ 30. Kh1 Qd8 31. g5 Rh8 32. g6 Rh6 33. gxf7+ Kh8 34. Qg5 Qxg5 35. fxg5 Rd6 36. Rf4 Ng6 37. Bxg6 Rxg6 38. Rxd5 Be3 39. Rff5 Kg7 40. Rd7 Bxg5 41. Rxb7 Be3 42. Rf3 Bb6 43. h4 Rg4 44. h5 Rh4+ 45. Kg2 Rxh5 46. b4 Rg5+ 47. Rg3 Rxg3+ 48. Kxg3 Rxf7 49. Rxf7+ Kxf7 50. Kf4 Ke6 51. Ke4 Bf2 52. Kd3 Kd5 53. c4+ Kc6 54. a3 Bh4 55. Kc2 Bf6 56. Kb3 1/2-1/2

[Event "Oberfranken-ch"]
[Site "Schney"]
[Date "2018.01.05"]
[Round "5.3"]
[White "Yigit, Furkan"]
[Black "Moenius, Oliver"]
[Result "0-1"]
[WhiteElo "1155"]
[BlackElo "1814"]
[PlyCount "58"]
[EventDate "2018.01.03"]
[EventType "swiss"]
[EventRounds "7"]
[EventCountry "GER"]
[SourceTitle "EXT 2022"]
[Source "ChessBase"]
[SourceDate "2021.10.06"]
[SourceVersion "1"]
[SourceVersionDate "2021.10.06"]
[SourceQuality "1"]

1. e4 c5 2. Nf3 Nc6 3. Nc3 d6 4. d3 g6 5. Be2 Bg7 6. 0-0 e6 7. Be3 Nge7 8. d4 cxd4 9. Nxd4 a6 10. Bf3 0-0 11. a3 Ne5 12. Be2 b5 13. b3 Bb7 14. f4 N5c6 15. Bf3 Rc8 16. Rb1 Nxd4 17. Bxd4 Rxc3 18. Bxc3 Bxc3 19. Qd3 b4 20. a4 a5 21. Rbd1 Qb6+ 22. Rf2 d5 23. exd5 Bxd5 24. Bxd5 Nxd5 25. g3 Ne3 26. Rb1 Ng4 27. Qe2 Qxf2+ 28. Qxf2 Nxf2 29. Kxf2 Rd8 0-1

[Event "Oberfranken-ch"]
[Site "Schney"]
[Date "2018.01.04"]
[Round "3.2"]
[White "Wolf, Pablo"]
[Black "Moenius, Oliver"]
[Result "1/2-1/2"]
[WhiteElo "1940"]
[BlackElo "1814"]
[PlyCount "54"]
[EventDate "2018.01.03"]
[EventType "swiss"]
[EventRounds "7"]
[EventCountry "GER"]
[SourceTitle "EXT 2022"]
[Source "ChessBase"]
[SourceDate "2021.10.06"]
[SourceVersion "1"]
[SourceVersionDate "2021.10.06"]
[SourceQuality "1"]

1. e4 c6 2. d4 d5 3. e5 Bf5 4. Ne2 e6 5. Ng3 Bg6 6. h4 h6 7. h5 Bh7 8. Bd3 Bxd3 9. Qxd3 Qb6 10. c3 c5 11. Nd2 Nc6 12. Nf3 cxd4 13. cxd4 Bb4+ 14. Bd2 Nge7 15. b3 Rc8 16. 0-0 0-0 17. Bc1 Ba5 18. a3 Qd8 19. Bb2 f6 20. exf6 Rxf6 21. b4 Bb6 22. Rae1 Qd6 23. Re2 Nf5 24. Nxf5 Rxf5 25. Rfe1 Rf6 26. Ne5 Rcf8 27. Ng4 Rf5 1/2-1/2

[Event "Regionalliga Nord-West 1718"]
[Site "Bayern"]
[Date "2017.11.12"]
[Round "2.7"]
[White "Sonnenberg, Christoph"]
[Black "Moenius, Oliver"]
[Result "1/2-1/2"]
[WhiteElo "1890"]
[BlackElo "1743"]
[PlyCount "52"]
[EventDate "2017.10.22"]
[EventType "team-tourn"]
[EventRounds "9"]
[EventCountry "GER"]
[SourceTitle "EXT 2022"]
[Source "ChessBase"]
[SourceDate "2021.10.06"]
[SourceVersion "1"]
[SourceVersionDate "2021.10.06"]
[SourceQuality "1"]
[WhiteTeam "Rottendorf"]
[BlackTeam "Hoechstadt/Aisch"]
[WhiteTeamCountry "GER"]
[BlackTeamCountry "GER"]

1. c4 Nf6 2. Nc3 e6 3. Nf3 d5 4. cxd5 exd5 5. d4 c6 6. Bf4 Nbd7 7. h3 Bb4 8. Qb3 Qb6 9. a3 Bxc3+ 10. Qxc3 Ne4 11. Qc2 0-0 12. e3 Re8 13. Bd3 c5 14. 0-0 cxd4 15. Nxd4 Ndc5 16. Bb5 Bd7 17. Bxd7 Nxd7 18. Rac1 Nf8 19. b4 Ne6 20. Nxe6 Qxe6 21. Qc7 b6 22. Qb7 g5 23. Bh2 Rad8 24. Qc6 Rd7 25. Qxe6 fxe6 26. Rfd1 h5 1/2-1/2

[Event "Bayernliga U20 1617"]
[Site "Bayern"]
[Date "2017.01.21"]
[Round "5.3"]
[White "Dechant, Georg"]
[Black "Moenius, Oliver"]
[Result "1/2-1/2"]
[WhiteElo "1912"]
[BlackElo "1759"]
[PlyCount "32"]
[EventDate "2016.11.12"]
[EventType "team-tourn"]
[EventRounds "7"]
[EventCountry "GER"]
[SourceTitle "EXT 2022"]
[Source "ChessBase"]
[SourceDate "2021.10.06"]
[SourceVersion "1"]
[SourceVersionDate "2021.10.06"]
[SourceQuality "1"]
[WhiteTeam "Regensburg Bavaria"]
[BlackTeam "Hoechstadt SC U20"]
[WhiteTeamCountry "GER"]
[BlackTeamCountry "GER"]

1. e4 e5 2. Nf3 Nf6 3. d4 Nxe4 4. Bd3 d5 5. Nxe5 Bd6 6. 0-0 0-0 7. c4 c6 8. Nc3 Nxc3 9. bxc3 Nd7 10. Nxd7 Bxd7 11. cxd5 cxd5 12. Qh5 f5 13. Bg5 Qe8 14. Qf3 Qf7 15. Bf4 Bxf4 16. Qxf4 Rac8 1/2-1/2

[Event "Forchheim op-B 15th"]
[Site "Forchheim"]
[Date "2016.10.03"]
[Round "5"]
[White "Moenius, Oliver"]
[Black "Grasser, Stefan"]
[Result "1-0"]
[WhiteElo "1787"]
[BlackElo "1756"]
[PlyCount "22"]
[EventDate "2016.10.01"]
[EventType "swiss"]
[EventRounds "5"]
[EventCountry "GER"]
[SourceTitle "EXT 2019"]
[Source "ChessBase"]
[SourceDate "2018.10.10"]
[SourceVersion "1"]
[SourceVersionDate "2018.10.10"]
[SourceQuality "1"]

1. e4 c5 2. Nf3 Nc6 3. d4 cxd4 4. Nxd4 e5 5. Nb3 d6 6. Nc3 Nf6 7. Bg5 Be7 8. Qd2 b6 9. Be2 0-0 10. 0-0 Ne8 11. Be3 d5 1-0

[Event "Forchheim op-B 15th"]
[Site "Forchheim"]
[Date "2016.10.01"]
[Round "1"]
[White "Moenius, Oliver"]
[Black "Lutter, Maximilian"]
[Result "1/2-1/2"]
[WhiteElo "1787"]
[BlackElo "1842"]
[PlyCount "26"]
[EventDate "2016.10.01"]
[EventType "swiss"]
[EventRounds "5"]
[EventCountry "GER"]
[SourceTitle "EXT 2019"]
[Source "ChessBase"]
[SourceDate "2018.10.10"]
[SourceVersion "1"]
[SourceVersionDate "2018.10.10"]
[SourceQuality "1"]

1. e4 e6 2. d4 d5 3. Nd2 c5 4. exd5 Qxd5 5. dxc5 Bxc5 6. Ngf3 Nf6 7. Bd3 0-0 8. 0-0 b6 9. a3 Bb7 10. b4 Be7 11. Bb2 Nbd7 12. Qe2 a5 13. c3 Qh5 1/2-1/2

[Event "Oberfranken-ch U16"]
[Site "Schney"]
[Date "2016.01.06"]
[Round "7"]
[White "Moenius, Oliver"]
[Black "Fischer, Lukas1"]
[Result "1-0"]
[WhiteElo "1750"]
[BlackElo "1152"]
[PlyCount "35"]
[EventDate "2016.01.03"]
[EventType "swiss"]
[EventRounds "7"]
[EventCountry "GER"]
[SourceTitle "EXT 2019"]
[Source "ChessBase"]
[SourceDate "2018.10.10"]
[SourceVersion "1"]
[SourceVersionDate "2018.10.10"]
[SourceQuality "1"]

1. e4 e5 2. f4 d6 3. Nf3 Nc6 4. Bc4 Bg4 5. c3 Nf6 6. d3 d5 7. exd5 Nxd5 8. 0-0 Nxf4 9. Bxf4 exf4 10. Qb3 Qf6 11. Nbd2 Bd6 12. Ne4 Qf5 13. Qxb7 Kd7 14. Bb5 Qe6 15. Nd4 Rhb8 16. Bxc6+ Kd8 17. Nxe6+ Bxe6 18. Qxa8 1-0

[Event "Oberfranken-ch U16"]
[Site "Schney"]
[Date "2016.01.05"]
[Round "5"]
[White "Koedel, Christian"]
[Black "Moenius, Oliver"]
[Result "1/2-1/2"]
[WhiteElo "1272"]
[BlackElo "1750"]
[PlyCount "42"]
[EventDate "2016.01.03"]
[EventType "swiss"]
[EventRounds "7"]
[EventCountry "GER"]
[SourceTitle "EXT 2019"]
[Source "ChessBase"]
[SourceDate "2018.10.10"]
[SourceVersion "1"]
[SourceVersionDate "2018.10.10"]
[SourceQuality "1"]

1. e4 d5 2. exd5 Nf6 3. d4 Nxd5 4. c4 Nb6 5. Nf3 Bg4 6. Be3 e6 7. c5 Bxf3 8. Qxf3 Nd5 9. Nc3 c6 10. Nxd5 cxd5 11. Bb5+ Nc6 12. Bxc6+ bxc6 13. 0-0 Rb8 14. Qe2 Be7 15. Rfb1 0-0 16. b4 Bf6 17. a4 Rb7 18. Qd3 Re8 19. b5 Qc8 20. b6 axb6 21. cxb6 c5 1/2-1/2